| 000 | 00954nas a2200313 4500 | ||
|---|---|---|---|
| 001 | BR2016003897 | ||
| 003 | BR-BrBNA | ||
| 005 | 20231205130610.0 | ||
| 007 | ta | ||
| 008 | 230509b bl.|||p| |||| 00| 00por d | ||
| 040 |
_aBR-BrBNA _bpor _cBiblioteca Nacional de Agricultura |
||
| 041 | _a(Pt) | ||
| 072 | _aP33 | ||
| 100 | 1 | _aLima, C.E.P. | |
| 100 | 1 | _aFontenelle, M.R. | |
| 100 | 1 | _aMadeira, N.R. | |
| 100 | 1 | _aSilva, J. da | |
| 100 | 1 | _aGuedes, I.M.R. | |
| 100 | 1 | _aSilva, L.R.B. | |
| 100 | 1 | _aSoares, D.C. | |
| 245 | 1 | _aCompartimentos de carbono orgânico em latossolo cultivado com hortaliças sob diferentes manejos | |
| 650 | _aLATOSSOLO VERMELHO | ||
| 650 | _aANÁLISE DO SOLO | ||
| 650 | _aHORTALIÇA | ||
| 650 | _aPLANTIO DIRETO | ||
| 773 | 0 |
_tPesquisa Agropecuária Brasileira (Brazil) _xISSN 0100-204X _g(Apr 2016), v. 51(4) p. 378-387 _wBR2016003897 |
|
| 909 |
_a202311 _bLúcia _c55 _dLúcia Elande |
||
| 942 |
_2AGRIS _n0 _cANA |
||
| 999 |
_c250271 _d250271 |
||